00338nam a2200133Ia 4500003000400000005001700004008004100021040001800062041000800080100005000088110001400138245003200152260002000184OSt20230526152702.0211028s2016 xx 000 0 und d cAIMIT LIBRARY aeng aFernandes, Florella Anna; Vanitha, T.e141905 aVanitha T aIndustry management system. aMangalorec2016